Living Your Strengths (Record no. 12646)

MARC details
000 -LEADER
fixed length control field 00262nam a22000977a 4500
008 - FIXED-LENGTH DATA ELEMENTS--GENERAL INFORMATION
fixed length control field 240902b |||||||| |||| 00| 0 eng d
020 ## - INTERNATIONAL STANDARD BOOK NUMBER
International Standard Book Number 9781595620026
100 ## - MAIN ENTRY--PERSONAL NAME
Personal name Winesman L Albert
9 (RLIN) 7800
245 ## - TITLE STATEMENT
Title Living Your Strengths
260 ## - PUBLICATION, DISTRIBUTION, ETC. (IMPRINT)
Place of publication, distribution, etc. New York
Name of publisher, distributor, etc. Gallup Press
Date of publication, distribution, etc. 2008
Holdings
Withdrawn status Lost status Source of classification or shelving scheme Damaged status Koha normalized classification for sorting Not for loan Home library Current library Shelving location Date acquired Total Checkouts Full call number Barcode Date last seen Price effective from Koha item type
    Dewey Decimal Classification   WIN_821_000000000000000   Good Samaritan School Library Good Samaritan School Library Poem 09/02/2024   WIN821 WIN17882 09/02/2024 09/02/2024 BOOK

Powered by Koha